1097 1223 1391 1283 1013 1703 1841 1761 1658 1886 1323 1321 1370 1246 1387 1661 1101 1251 1798 1883 1923 1711 1847 1574 1886 1205 1293 1658 1864 1119 1625 1734 1665 1218 1520 1274 1687 1206 1458 1039 1239 1552 1771 1196 1113 1885 1097 1466 1604 1224 1786 1568 1484 1006 1555 1285 1290 1328 1047 1696 1841 1901 1198 1700 1050 1928 1424 1308 1269 1850 1359 1618 1973 1711 1470 1180 1987 1249 1447 1988 1874 1333 1409 1205 1956 1502 1189 1965 1066 1181 1081 1848 1442 1251 1045 1386 1153 1216 1360 BCNSPRNW ULIB Ver.6.0+V

เปลี่ยนเป็นภาษาไทย

Change to English
 แสดงรายละเอียดบรรณานุกรม
  กลับหน้าหลัก

Brief Record : Get Marc (ISO 2709) : E-mail record : QR code < ปิดหน้าต่าง
LEADER : 00000nam 2200000uu 4500
001    13399123218
003     ULIB
008    020711s2551 th a 000 0 tha d
020    9789748458342
090    นว.^bร111ล
100    รัมย์
245    เล่ห์รักตามหลักแสบ /^cรัมย์
250    พิมพ์ครั้งที่ 1
260    กรุงเทพฯ :^b1168พับลิชชิ่ง,^c2551
300    190 หน้า;^b21 ซม.
710    1168พับลิชชิ่ง
945    ^p149^l0^i20354
999    ^aทศพร เกษรทอง
รายการนี้ยังไม่มีแท็ก
คุณยังไม่ได้ล็อกอิน คุณสามารถมีกิจกรรมร่วมกับเว็บไซต์ได้ แต่ต้องล็อกอินก่อน ::
  ล็อกอิน

รายการสื่อสารสนเทศ

ลำดับที่ ประเภท เลขเรียก/บาร์โค้ด สถานที่ สถานะ
1. นวนิยาย
นวนิยาย
นว. ร111ล ฉ.1 
  Barcode: 20354
ห้องสมุดวิทยาเขตนครสวรรค์
►นวนิยาย:l:Fiction
บนชั้น

รายการใกล้เคียง
    ผู้แต่ง [รัมย์]

BibComment


ยังไม่เคยถูกคอมเมนท์

คอมเมนท์ทรัพยากรรายการนี้
  คอมเมนท์: เล่ห์รักตามหลักแส..


 Copyright 2026. Bcnsprnw @Library